000 00645nam a2200205 i 4500
001 141567
003 ES-MaACL
005 20250905131433.0
007 t|
008 070925s1970 sp f ||||1| spa d
080 _a840-322.1"17"
100 0 _aVoltaire,
_d1694-1778
_9115721
245 1 0 _aCuentos escogidos /
_cVoltaire ; [traducción y estudio preliminar por A. Cardona Gibert].
260 _aMadrid :
_bCírculo de Amigos de la Historia,
_c[1970]
300 _a2 v. :
_b12 lám. ;
_c17 cm.
700 1 _aCardona, Ángeles,
_d1925-
_9164713
700 2 _a
_9241908
852 _aES-MaACL
_jC-42024-25
999 _c141567
_d141567